1961 год; Геологическая литература СССР

Bibliografiske detaljer
Parent link:Геологическая литература СССР: библиографический ежегодник/ Всесоюзная геологическая библиотека. 1961 год.— , 1955-1990
Andre forfattere: Куликов М. В. (редактор), Соловьев С. П.
Sprog:russisk
Udgivet: Саратов, Недра, 1971
Fag:
Format: MixedMaterials Bog
KOHA link:https://koha.lib.tpu.ru/cgi-bin/koha/opac-detail.pl?biblionumber=103942

MARC

LEADER 00000nam2a2200000 4500
001 103942
005 20231031113817.0
035 |a (RuTPU)RU\TPU\book\112050 
035 |a RU\TPU\book\112004 
090 |a 103942 
100 |a 20061024d1971 k y0rusy50 ca 
101 0 |a rus 
102 |a RU 
105 |a y a 001zy 
200 0 |a 1961 год  |f под ред. М. В. Куликова, С. П. Соловьева 
210 |a Саратов  |c Недра  |d 1971 
215 |a 632 с. 
320 |a Указ. в конце кн.: с. 462-632 
461 1 |0 (RuTPU)RU\TPU\book\111984  |t Геологическая литература СССР  |o библиографический ежегодник  |f Всесоюзная геологическая библиотека  |v 1961 год  |d 1955-1990 
610 1 |a библиографические указатели 
610 1 |a геология 
610 1 |a ежегодники 
675 |a 55(с)(01)  |v 3 
686 |a Я19:55  |v LBC/SL-A  |2 rubbk 
702 1 |a Куликов  |b М. В.  |4 340 
702 1 |a Соловьев  |b С. П.  |4 340 
801 1 |a RU  |b 63413507  |c 20061023  |g PSBO 
801 2 |a RU  |b 63413507  |c 20170824  |g PSBO 
942 |c BK